Contamination and dereliction remediation costs (Record no. 108021)
[ view plain ]
| 000 -LEADER | |
|---|---|
| fixed length control field | 01207cad a22002415a 4500 |
| 001 - CONTROL NUMBER | |
| control field | L142936 |
| 008 - FIXED-LENGTH DATA ELEMENTS--GENERAL INFORMATION | |
| fixed length control field | 080319s2008 xxk f s 000 0 eng d |
| 035 ## - SYSTEM CONTROL NUMBER | |
| System control number | (Sirsi) u142936 |
| 041 0# - LANGUAGE CODE | |
| Language code of text/sound track or separate title | eng |
| 050 04 - LIBRARY OF CONGRESS CALL NUMBER | |
| Classification number | 333.73 $2 18 |
| 110 2# - MAIN ENTRY--CORPORATE NAME | |
| Corporate name or jurisdiction name as entry element | English Partnerships |
| 9 (RLIN) | 1764 |
| 245 00 - TITLE STATEMENT | |
| Title | Contamination and dereliction remediation costs |
| Remainder of title | |
| 250 ## - EDITION STATEMENT | |
| Edition statement | Rev. ed. |
| 260 ## - PUBLICATION, DISTRIBUTION, ETC. | |
| Place of publication, distribution, etc. | London |
| Name of publisher, distributor, etc. | English Partnerships |
| Date of publication, distribution, etc. | 2008 |
| 490 #0 - SERIES STATEMENT | |
| Series statement | Best Practice Note |
| Volume/sequential designation | (27) revised February 2008 |
| 520 ## - SUMMARY, ETC. | |
| Summary, etc. | Provides guidance on assessing the costs associated with the remediation of contaminated or derelict land. Includes benchmark unit costs and guidance on their use, as well as a regional variation table. Summarises UK policy and regulation. Provides cost models for assessing previously developed land which is affected by contamination or dereliction. Also offers advice on due diligence for site investigations. |
| 521 2# - TARGET AUDIENCE NOTE | |
| Target audience note | Advanced |
| 590 ## - LOCAL NOTE (RLIN) | |
| Local note | KA |
| 651 #4 - SUBJECT ADDED ENTRY--GEOGRAPHIC NAME | |
| Geographic name | United Kingdom |
| Chronological subdivision | |
| 690 ## - LOCAL SUBJECT ADDED ENTRY--TOPICAL TERM (OCLC, RLIN) | |
| Topical term or geographic name as entry element | PROPERTY-RURAL AND NATURAL ASSETS-LAND-CONTAMINATED LAND |
| 856 40 - ELECTRONIC LOCATION AND ACCESS | |
| Uniform Resource Identifier | <a href="https://www.englishpartnerships.co.uk/publications.htm#contamination">https://www.englishpartnerships.co.uk/publications.htm#contamination</a> |
| Public note | View the item free of charge at www.englishpartnerships.co.uk... |
| 942 ## - ADDED ENTRY ELEMENTS (KOHA) | |
| Suppress in OPAC | 0 |
| Withdrawn status | Lost status | Source of classification or shelving scheme | Damaged status | Not for loan | Home library | Current library | Shelving location | Date acquired | Total Checkouts | Full call number | Barcode | Date last seen | Copy number | Price effective from | Koha item type |
|---|---|---|---|---|---|---|---|---|---|---|---|---|---|---|---|
| Dewey Decimal Classification | Virtual | Virtual | Online | 19/03/2008 | ONLINE PUBLICATION | 142936-1001 | 06/08/2019 | 1 | 06/08/2019 | Book |